[Event "26th EUR-ch"]
[Site "Katowice POL"]
[Date "2026.04.16"]
[Round "9.142"]
[White "Ciborowski, Konrad jr"]
[Black "Liskiewicz, Jakub"]
[Result "1-0"]
[WhiteElo "1948"]
[BlackElo "2280"]
[EventDate "2026.04.07"]
[PlyCount "74"]

1.e4 Nf6 2.e5 Nd5 3.d4 d6 4.Nf3 Bf5 5.c4 Nb6 6.Nc3 g6 7.Be3 Bg7 8.Rc1 O-O 
9.exd6 cxd6 10.Be2 d5 11.b3 dxc4 12.bxc4 Nc6 13.O-O Rc8 14.c5 Nd5 15.Nxd5 
Qxd5 16.Bc4 Qd7 17.d5 Na5 18.c6 bxc6 19.Ba6 Rcd8 20.Qa4 Qc7 21.dxc6 Rd5 
22.Rfd1 Rfd8 23.Rxd5 Rxd5 24.Bb5 Bb2 25.Rc5 Rxc5 26.Bxc5 a6 27.Bxa6 Nxc6 
28.Be3 Ne5 29.Nxe5 Bxe5 30.h3 Be6 31.Bf1 Qb8 32.Qc2 Qb4 33.Qc5 Qe4 34.a3 
Bd6 35.Qa5 h5 36.Bc5 Kh7 37.Qb4 Qc6 1-0

[Event "26th EUR-ch"]
[Site "Katowice POL"]
[Date "2026.04.16"]
[Round "9.143"]
[White "Frankiv, Oleksandr"]
[Black "Velikic, Adela"]
[Result "1-0"]
[WhiteElo "1893"]
[BlackElo "2278"]
[EventDate "2026.04.07"]
[PlyCount "73"]

1.e4 c6 2.d4 d5 3.e5 Bf5 4.g4 Be4 5.f3 Bg6 6.h4 h5 7.e6 Qd6 8.exf7+ Bxf7 
9.Be3 Nd7 10.Nc3 hxg4 11.fxg4 e5 12.dxe5 Nxe5 13.Qd4 Nf6 14.O-O-O Nexg4 
15.Bf4 Qb4 16.Re1+ Kd7 17.Qd2 Bd6 18.Bxd6 Qxd6 19.Bh3 Rae8 20.Nf3 Kc7 21.
Nd4 Kb8 22.Nf5 Qc7 23.Bxg4 Nxg4 24.Nxg7 Re5 25.Qd4 Rxe1+ 26.Rxe1 Qg3 27.
Re7 Bg6 28.Nf5 Bxf5 29.Qxh8+ Bc8 30.b3 Qf4+ 31.Kb2 d4 32.Ne2 Qd6 33.Re8 
Qd7 34.Rd8 Qc7 35.Nxd4 Ne3 36.Ne6 Nc4+ 37.Kc1 1-0

[Event "26th EUR-ch"]
[Site "Katowice POL"]
[Date "2026.04.16"]
[Round "9.144"]
[White "Panasiuk, Piotr"]
[Black "Szczurek, Krzysztof"]
[Result "0-1"]
[WhiteElo "1786"]
[BlackElo "2273"]
[EventDate "2026.04.07"]
[PlyCount "132"]

1.Nf3 Nf6 2.c4 g6 3.Nc3 Bg7 4.e3 O-O 5.Be2 d5 6.d4 dxc4 7.Bxc4 a6 8.O-O b5
9.Bd3 Bb7 10.Qe2 c5 11.dxc5 Nbd7 12.Rd1 Qa5 13.Bc2 Nxc5 14.e4 b4 15.Nd5 
Nxd5 16.exd5 b3 17.Bd2 Qb5 18.Qxb5 axb5 19.axb3 Bxd5 20.Rxa8 Rxa8 21.Bc3 
Bxb3 22.Bxb3 Nxb3 23.g3 Rc8 24.Bxg7 Kxg7 25.Rd5 Rc5 26.Rd3 Rc1+ 27.Kg2 Nc5
28.Rd4 Rc2 29.b4 Na6 30.Rd5 Nxb4 31.Rd7 Kf6 32.Ne1 Rc1 33.Nf3 Nc2 34.Rd5 
b4 35.Rb5 Rd1 36.Ng5 h6 37.Ne4+ Kg7 38.Rb7 Rb1 39.Nc5 Kf6 40.f4 Nd4 41.
Rb6+ Kg7 42.Kf2 Rb2+ 43.Ke3 Nf5+ 44.Kf3 Rc2 45.Ne4 b3 46.g4 Nd4+ 47.Ke3 
Ne6 48.Rxb3 Rxh2 49.Ng3 Rh3 50.Kf3 Nd4+ 51.Kg2 Nxb3 52.Kxh3 Nc5 53.Kg2 Kf6
54.Kf3 e5 55.fxe5+ Kxe5 56.Nf1 Ne6 57.Kg3 Nd4 58.Nd2 f5 59.gxf5 Kxf5 60.
Nc4 g5 61.Nd6+ Kg6 62.Nc4 h5 63.Ne5+ Kf5 64.Nf7 Kf6 65.Nd8 Ke7 66.Nb7 Nb3 
0-1

[Event "26th EUR-ch"]
[Site "Katowice POL"]
[Date "2026.04.16"]
[Round "9.145"]
[White "Karsay, Pascal"]
[Black "Bitbol-Delaveyne, Maelan"]
[Result "1-0"]
[WhiteElo "2412"]
[BlackElo "2181"]
[EventDate "2026.04.07"]
[PlyCount "67"]

1.Nf3 d5 2.e3 Nf6 3.c4 e6 4.b3 c6 5.Nc3 Bd6 6.Bb2 O-O 7.Be2 b6 8.O-O Bb7 
9.d4 Nbd7 10.a4 a5 11.Qc2 c5 12.cxd5 exd5 13.Rfd1 Rc8 14.Qf5 Qe7 15.Rac1 
Rfe8 16.Bb5 Red8 17.Ne2 Qe4 18.Qh3 Qg4 19.Qxg4 Nxg4 20.Nf4 cxd4 21.Rxc8 
Bxc8 22.Bxd4 Bxf4 23.exf4 Ngf6 24.Ne5 h6 25.Rc1 Nc5 26.Nc6 Re8 27.Nxa5 Re4
28.Bxf6 gxf6 29.f3 Rxf4 30.b4 Rxb4 31.Nc6 Rxb5 32.axb5 Be6 33.Rxc5 bxc5 
34.b6 1-0

[Event "26th EUR-ch"]
[Site "Katowice POL"]
[Date "2026.04.16"]
[Round "9.146"]
[White "Svanda, Ondrej"]
[Black "Bachor, Tomasz"]
[Result "0-1"]
[WhiteElo "2385"]
[BlackElo "2178"]
[EventDate "2026.04.07"]
[PlyCount "88"]

1.e4 c6 2.Nf3 d5 3.d3 g6 4.e5 f6 5.exf6 Nxf6 6.d4 Bg7 7.Be2 O-O 8.O-O c5 
9.dxc5 Nc6 10.Nc3 e5 11.Bg5 Be6 12.Bh4 Kh8 13.Re1 a6 14.a3 Rc8 15.Na4 Bg8 
16.c3 h6 17.Nd2 Qe7 18.b4 Qf7 19.Nb6 Rcd8 20.c4 g5 21.Bg3 h5 22.h4 gxh4 
23.Bxh4 Bh6 24.cxd5 Nxd5 25.Bxh5 Qf4 26.Nf3 Nxb6 27.Bxd8 Rxd8 28.Qc2 Nd5 
29.Rad1 Rf8 30.g3 Qf6 31.Nh4 Bh7 32.Bg6 Bg8 33.Be4 Rd8 34.Nf5 Nd4 35.Qd3 
Ne7 36.Nd6 Rf8 37.Rf1 Be6 38.Kg2 Nd5 39.Kh2 Kg7 40.Bg2 Nf4 41.Qc3 Nfe2 42.
Qb2 Bd2 43.Rxd2 Rh8+ 44.Bh3 Rxh3+ 0-1

[Event "26th EUR-ch"]
[Site "Katowice POL"]
[Date "2026.04.16"]
[Round "9.147"]
[White "Iordache, Alexia-Andreea"]
[Black "Kurmann, Oliver"]
[Result "0-1"]
[WhiteElo "2181"]
[BlackElo "2377"]
[EventDate "2026.04.07"]
[PlyCount "136"]

1.e4 c5 2.Nf3 Nc6 3.d4 cxd4 4.Nxd4 Nf6 5.Nc3 e5 6.Ndb5 d6 7.Bg5 a6 8.Na3 
b5 9.Nd5 Be7 10.Bxf6 Bxf6 11.c4 b4 12.Nc2 O-O 13.Qf3 Bh4 14.g3 Qa5 15.b3 
Bd8 16.h4 Qc5 17.Bh3 Be6 18.Qd3 a5 19.Rd1 Ra7 20.Kf1 Rd7 21.Kg2 Bb6 22.
Nxb6 Qxb6 23.Qe3 Qc7 24.Rd3 Nd8 25.Qf3 Nb7 26.h5 h6 27.Bf5 Nc5 28.Re3 Ra8 
29.Rg1 Qb8 30.Kh2 Qd8 31.Qg4 Rb7 32.Kh3 a4 33.Rd1 axb3 34.axb3 Ra2 35.Rd2 
Qf6 36.Bxe6 Qxe6 37.Rde2 Rb2 38.Na1 Rxe2 39.Rxe2 Ra7 40.Re1 Ra2 41.Qxe6 
fxe6 42.f3 Nd3 43.Rf1 Kf7 44.f4 exf4 45.gxf4 Nf2+ 46.Kh4 Nxe4 47.Rc1 Nc5 
48.Kg4 Kf6 49.Kg3 Kf5 50.Kf3 Rb2 51.Rd1 Nxb3 52.Nxb3 Rxb3+ 53.Ke2 Rc3 54.
Rxd6 Rxc4 55.Rd7 Kf6 56.Kf3 Rc3+ 57.Kg4 Rc1 58.Rb7 Rb1 59.Kf3 b3 60.Rb5 b2
61.Kg2 Ke7 62.Kh2 Kd6 63.Kg2 Kc6 64.Rb8 Kc5 65.Rb7 Kd4 66.Rb8 Ke4 67.Rb4+ 
Ke3 68.Kh2 Kf3 0-1

[Event "26th EUR-ch"]
[Site "Katowice POL"]
[Date "2026.04.16"]
[Round "9.148"]
[White "Kovalskyi, Roman"]
[Black "Nunez Gregoire, Daniel"]
[Result "1-0"]
[WhiteElo "2159"]
[BlackElo "2375"]
[EventDate "2026.04.07"]
[PlyCount "77"]

1.e4 c5 2.Nf3 d6 3.d4 cxd4 4.Nxd4 Nf6 5.Nc3 a6 6.Be3 e5 7.Nb3 Be6 8.f3 b5 
9.Qd2 Nbd7 10.O-O-O h5 11.Kb1 Be7 12.f4 Rc8 13.Bd3 Qc7 14.h3 h4 15.Rhe1 
Nb6 16.Qf2 Nc4 17.Bxc4 Bxc4 18.Bb6 Qb8 19.fxe5 dxe5 20.Nd5 Nxd5 21.exd5 
Bxb3 22.axb3 O-O 23.Ba5 f5 24.g3 Bc5 25.Qg2 hxg3 26.Qxg3 Rce8 27.Bc3 Bd6 
28.Rg1 Qc7 29.Ba5 Qe7 30.h4 e4 31.Qg6 Rf6 32.Qg5 Rf7 33.Qh5 Bc5 34.Rg6 Qd7
35.Rc6 Bd6 36.Rg1 Be5 37.Rh6 Kf8 38.Bb4+ Ree7 39.Rh8# 1-0

[Event "26th EUR-ch"]
[Site "Katowice POL"]
[Date "2026.04.16"]
[Round "9.149"]
[White "Tirpan, Ceren"]
[Black "Arat, Ufuk Sezen"]
[Result "1-0"]
[WhiteElo "2167"]
[BlackElo "2372"]
[EventDate "2026.04.07"]
[PlyCount "69"]

1.c4 c6 2.Nf3 d5 3.g3 Nf6 4.Bg2 dxc4 5.O-O Nbd7 6.Na3 Nb6 7.Ne5 Be6 8.Qc2 
h5 9.h4 Qd4 10.Nf3 Qd6 11.b3 cxb3 12.axb3 g6 13.Nc4 Qc7 14.Ng5 Bxc4 15.
bxc4 Bg7 16.d4 O-O 17.Bf4 Qc8 18.e4 Nh7 19.c5 Nd7 20.e5 Nxg5 21.Bxg5 e6 
22.Be4 Nb8 23.Kg2 Na6 24.g4 hxg4 25.Qe2 Qd7 26.Rad1 Nb4 27.h5 f5 28.exf6 
Bxf6 29.Qxg4 Nd5 30.Bd2 g5 31.f4 Bxd4 32.h6 Nf6 33.Qxg5+ Kh8 34.Bc3 Nxe4 
35.Rxd4 1-0

[Event "26th EUR-ch"]
[Site "Katowice POL"]
[Date "2026.04.16"]
[Round "9.150"]
[White "Plichta, Kamil"]
[Black "Latzke, Boris"]
[Result "1/2-1/2"]
[WhiteElo "2361"]
[BlackElo "2173"]
[EventDate "2026.04.07"]
[PlyCount "120"]

1.Nf3 Nf6 2.c4 e6 3.Nc3 Bb4 4.g4 Bxc3 5.dxc3 d6 6.g5 Nfd7 7.h4 Nc6 8.Bg2 
e5 9.Be3 Qe7 10.h5 f5 11.gxf6 Nxf6 12.h6 g6 13.Bg5 Qf7 14.Nd2 Bd7 15.O-O 
O-O-O 16.f4 e4 17.Nxe4 Nxe4 18.Bxe4 Qxc4 19.Qd5 Qxd5 20.Bxd5 Rde8 21.Bf6 
Rhf8 22.Bg7 Rf5 23.e4 Rh5 24.Bf7 Rxe4 25.Rae1 d5 26.Bg8 Ne7 27.Bxh7 Be8 
28.Rxe4 dxe4 29.Re1 Nf5 30.Rxe4 Bf7 31.Bg8 Bxg8 32.Re8+ Kd7 33.Rxg8 Nxh6 
34.Bxh6 Rxh6 35.Rg7+ Kd6 36.Kg2 b5 37.Rf7 a5 38.Rf6+ Kd5 39.f5 Ke5 40.Rxg6
Rh4 41.f6 Ke6 42.Rg5 b4 43.Kg3 Rc4 44.Rf5 Kf7 45.Rf3 bxc3 46.Rxc3 Rxc3+ 
47.bxc3 Kxf6 48.Kf4 Ke6 49.Ke4 Kd6 50.Kd4 Kc6 51.Kc4 a4 52.Kd4 Kd6 53.Kc4 
Kc6 54.Kb4 Kd5 55.Kb5 c6+ 56.Kxa4 Kc4 57.Ka5 Kxc3 58.Kb6 Kb4 59.Kxc6 Ka3 
60.Kb7 Kxa2 1/2-1/2

[Event "26th EUR-ch"]
[Site "Katowice POL"]
[Date "2026.04.16"]
[Round "9.151"]
[White "Pavlidou, Ekaterini"]
[Black "Csiki, Endre"]
[Result "0-1"]
[WhiteElo "2166"]
[BlackElo "2339"]
[EventDate "2026.04.07"]
[PlyCount "82"]

1.d4 d5 2.c4 e6 3.Nf3 a6 4.Bg5 Be7 5.Bxe7 Nxe7 6.Nbd2 Nd7 7.Rc1 O-O 8.g3 
b6 9.Bg2 Bb7 10.O-O c5 11.e3 Rb8 12.Qe2 dxc4 13.Nxc4 Bxf3 14.Bxf3 cxd4 15.
exd4 Nf6 16.Rfd1 b5 17.Ne5 Qa5 18.a3 Rfd8 19.Rd3 Qb6 20.Qd2 Rdc8 21.Re1 
Rc7 22.Bd1 Rd8 23.Bb3 Nfd5 24.h4 Nc6 25.Nf3 Na5 26.Ba2 Nc4 27.Qe2 h6 28.
Bb1 b4 29.Rb3 Na5 30.Rxb4 Nxb4 31.axb4 Nc6 32.Qe4 Nxd4 33.Qh7+ Kf8 34.Ne5 
Qxb4 35.Re3 Qxb2 36.Be4 Ne2+ 37.Rxe2 Qxe5 38.Kg2 Qf6 39.Re3 Rc3 40.Re2 Rb3
41.Bc2 Qf3+ 0-1

[Event "26th EUR-ch"]
[Site "Katowice POL"]
[Date "2026.04.16"]
[Round "9.152"]
[White "Gibala, Adam"]
[Black "Shpanko, Nadiia"]
[Result "1-0"]
[WhiteElo "2317"]
[BlackElo "2166"]
[EventDate "2026.04.07"]
[PlyCount "127"]

1.d4 d5 2.c4 c6 3.Nf3 Nf6 4.Nc3 g6 5.cxd5 cxd5 6.Bf4 Bg7 7.e3 O-O 8.Bd3 
Nc6 9.h3 Bf5 10.Bxf5 gxf5 11.O-O e6 12.Rc1 Ne4 13.Ne1 Rc8 14.Nd3 Na5 15.
Ne2 Qd7 16.f3 Nd6 17.Nc5 Qe7 18.Qa4 b6 19.Qd7 Qxd7 20.Nxd7 Rfd8 21.Bxd6 
Rxc1 22.Rxc1 Nc4 23.Bf4 Rxd7 24.b3 Nd6 25.Bxd6 Rxd6 26.Rc7 a6 27.Rc8+ Bf8 
28.Nf4 f6 29.Nh5 Kf7 30.f4 Be7 31.Kf2 Bd8 32.g4 fxg4 33.hxg4 Rd7 34.Kf3 a5
35.f5 e5 36.a4 Rd6 37.Ng3 Ke7 38.Rc1 Rd7 39.Ne2 Rc7 40.dxe5 fxe5 41.Rxc7+ 
Bxc7 42.Nc3 e4+ 43.Kf2 Bd8 44.Nxd5+ Kd6 45.Nc3 Ke5 46.Nd1 Bh4+ 47.Kg2 Bg5 
48.Nb2 Kd5 49.Nc4 Kc5 50.Kf2 Kb4 51.Nd2 Be7 52.Ke2 h6 53.Kd1 Kc3 54.f6 Bf8
55.Ke2 Kc2 56.f7 Kc3 57.Nc4 Kxb3 58.Nxb6 Bg7 59.Kd2 Bc3+ 60.Kc1 Bb2+ 61.
Kd1 Bg7 62.Nd7 Kxa4 63.Nc5+ Kb4 64.Ne6 1-0

[Event "26th EUR-ch"]
[Site "Katowice POL"]
[Date "2026.04.16"]
[Round "9.153"]
[White "Vasynda, Oleksandr"]
[Black "Elci, Eren"]
[Result "1/2-1/2"]
[WhiteElo "2306"]
[BlackElo "2158"]
[EventDate "2026.04.07"]
[PlyCount "101"]

1.c4 c5 2.Nc3 g6 3.Nf3 Bg7 4.e3 Nf6 5.d4 cxd4 6.exd4 d5 7.Bg5 Ne4 8.cxd5 
Nxg5 9.Nxg5 O-O 10.Nf3 Nd7 11.Bc4 Nb6 12.Bb3 Bg4 13.h3 Bxf3 14.Qxf3 Bxd4 
15.Rd1 Bxc3+ 16.bxc3 Qd6 17.O-O Rac8 18.Rfe1 Rc7 19.Rd3 a5 20.Re4 Nd7 21.
Rde3 Nc5 22.Rd4 b5 23.g3 Kg7 24.Bd1 Rb7 25.Qe2 Re8 26.Qd2 Nd7 27.Be2 Nf6 
28.Bf3 Rc8 29.g4 h6 30.h4 Rbc7 31.g5 hxg5 32.hxg5 Nh7 33.Bg4 Rd8 34.f4 Rc5
35.Bf3 Rdc8 36.Bg4 Rd8 37.Re5 Rh8 38.Rde4 e6 39.Bxe6 fxe6 40.Rxe6 Qxd5 41.
Re7+ Kg8 42.Rd4 Qf5 43.Rd8+ Nf8 44.Rxf8+ Qxf8 45.Qd6 Rh7 46.Qxg6+ Rg7 47.
Qe6+ Kh7 48.Qh3+ Kg8 49.Qe6+ Kh7 50.Qh6+ Kg8 51.Qe6+ 1/2-1/2

[Event "26th EUR-ch"]
[Site "Katowice POL"]
[Date "2026.04.16"]
[Round "9.154"]
[White "Zareba, Piotr"]
[Black "Piddubna, Bozhena"]
[Result "1-0"]
[WhiteElo "2143"]
[BlackElo "2301"]
[EventDate "2026.04.07"]
[PlyCount "76"]

1.e4 c5 2.Nf3 Nc6 3.Bb5 Nf6 4.Nc3 g6 5.O-O Bg7 6.Re1 Nd4 7.e5 Nh5 8.d3 O-O
9.g4 d5 10.h3 a6 11.Ba4 Ne6 12.gxh5 b5 13.Bb3 c4 14.d4 Nc7 15.Kg2 Qd7 16.
Rh1 f6 17.exf6 Rxf6 18.h6 Bh8 19.Ne2 Bb7 20.Ne5 Qf5 21.f4 Raf8 22.Ng3 Qc8 
23.Be3 Ne6 24.f5 Nd8 25.Rf1 cxb3 26.cxb3 Nf7 27.Rc1 Qd8 28.Ng4 Rb6 29.Bf4 
e5 30.dxe5 d4+ 31.Kh2 Qd5 32.Qe2 d3 33.Qf2 gxf5 34.Nxf5 Re8 35.Rg1 Rg6 36.
Nh4 Ng5 37.Rcf1 d2 38.Ne3 Rf8 1-0

[Event "26th EUR-ch"]
[Site "Katowice POL"]
[Date "2026.04.16"]
[Round "9.155"]
[White "Rybackova, Lucie"]
[Black "Lymar, Vladislav"]
[Result "0-1"]
[WhiteElo "2157"]
[BlackElo "2289"]
[EventDate "2026.04.07"]
[PlyCount "108"]

1.e4 c5 2.Nf3 Nc6 3.Bb5 e6 4.O-O Nge7 5.Re1 Nd4 6.Nxd4 cxd4 7.c3 a6 8.Bf1 
Nc6 9.b4 Bd6 10.Bb2 dxc3 11.dxc3 Qc7 12.h3 O-O 13.Nd2 Be7 14.Qb3 Rd8 15.a3
d5 16.exd5 exd5 17.Nf3 Be6 18.Nd4 Nxd4 19.cxd4 Rac8 20.Rac1 Qb6 21.Be2 a5 
22.b5 Bg5 23.Rxc8 Rxc8 24.Bf3 Qd6 25.a4 Bf6 26.Rd1 b6 27.Ba3 Qd7 28.Bb2 g6
29.Rd2 Rc4 30.Be2 Rb4 31.Qa2 Bf5 32.Bc3 Rb1+ 33.Rd1 Rxd1+ 34.Bxd1 Qc7 35.
Qb2 Bd3 36.Qd2 Qc4 37.Bf3 Bxd4 38.Bxd4 Qxd4 39.Kh2 Qe5+ 40.g3 Bc4 41.Qc1 
Kg7 42.Kg2 Qd4 43.Qa3 Qf6 44.Qc1 Qe5 45.Qc2 Kg8 46.Qc1 h5 47.h4 Kg7 48.Qc2
Qd4 49.Kg1 Qa1+ 50.Kg2 Qf1+ 51.Kh2 d4 52.Qb2 Qd3 53.Kg2 Qc3 54.Qb1 d3 0-1

[Event "26th EUR-ch"]
[Site "Katowice POL"]
[Date "2026.04.16"]
[Round "9.156"]
[White "Balinski, Damian"]
[Black "Durucay, Uygar"]
[Result "1-0"]
[WhiteElo "2154"]
[BlackElo "2286"]
[EventDate "2026.04.07"]
[PlyCount "97"]

1.d4 Nf6 2.c4 e6 3.Nf3 Bb4+ 4.Bd2 Qe7 5.e3 b6 6.Bd3 Bb7 7.O-O Bxd2 8.Nbxd2
d6 9.e4 e5 10.Re1 O-O 11.Nb1 Nc6 12.d5 Nb4 13.Bf1 a5 14.Nc3 Na6 15.a3 Bc8 
16.b4 g6 17.h3 Nh5 18.g3 Bd7 19.c5 bxc5 20.b5 Nb8 21.Nd2 Ng7 22.Nc4 f5 23.
Rb1 f4 24.g4 h5 25.f3 hxg4 26.hxg4 Qg5 27.Qd2 Ne8 28.b6 cxb6 29.Rxb6 Nf6 
30.Re2 Ra7 31.Rh2 Nh5 32.Qg2 Nf6 33.Qh3 Kg7 34.Nxd6 a4 35.Qh4 Qxh4 36.Rxh4
c4 37.Nxc4 Rc7 38.g5 Nh7 39.Nxe5 Be8 40.Rxb8 Nxg5 41.Rg4 Rxc3 42.Rxg5 Kf6 
43.Rxg6+ Kxe5 44.Re6+ Kd4 45.Rexe8 Rf7 46.Kf2 Rxa3 47.Rb4+ Kc3 48.Rc4+ Kd2
49.Rd4+ 1-0

[Event "26th EUR-ch"]
[Site "Katowice POL"]
[Date "2026.04.16"]
[Round "9.157"]
[White "Pietruszewski, Marcin"]
[Black "Ilko-Toth, Andras"]
[Result "0-1"]
[WhiteElo "2127"]
[BlackElo "2283"]
[EventDate "2026.04.07"]
[PlyCount "182"]

1.e4 c6 2.d4 d5 3.e5 c5 4.dxc5 e6 5.a3 Bxc5 6.Qg4 Ne7 7.Nf3 O-O 8.b4 Bb6 
9.Bd3 Ng6 10.Bb2 Nd7 11.O-O Re8 12.Re1 a5 13.h4 f5 14.Qg3 Qe7 15.h5 Nh8 
16.c3 Bc7 17.Nbd2 Nf7 18.Nb3 b6 19.Nbd4 Bb7 20.Bc1 Kh8 21.Bf4 Qf8 22.Qh3 
Nd8 23.Bb5 Qe7 24.Re3 Ba6 25.Ba4 Bc4 26.Bc2 Nf7 27.Rae1 Nh6 28.Nh2 axb4 
29.cxb4 b5 30.Bb1 Bb6 31.Rd1 Ra6 32.Ree1 Rea8 33.Bc1 Nf7 34.f4 Nf8 35.Kh1 
Qa7 36.Bb2 Nh6 37.Rd2 Qf7 38.Rg1 R6a7 39.Qh4 Bd8 40.Qh3 Bb6 41.Bc2 Bxd4 
42.Rxd4 Be2 43.Bd1 Bxd1 44.Rdxd1 Nd7 45.Rd3 Rc7 46.Bd4 Rc4 47.Qh4 Rac8 48.
Qg5 Nb8 49.Rf1 Nc6 50.Bc5 Qd7 51.Rg1 Nf7 52.Qg3 Qe8 53.Rd2 Nh6 54.Qf3 Nd8 
55.Bd4 Nc6 56.Bc5 Qf7 57.Rf1 Ng4 58.Nxg4 fxg4 59.Qxg4 Nxe5 60.Qg5 Nd7 61.
Bd4 Nf6 62.h6 Kg8 63.Rd3 Qg6 64.Qxg6 hxg6 65.Be5 Rc1 66.Kg1 Rxf1+ 67.Kxf1 
Rc1+ 68.Ke2 Rc2+ 69.Kf3 Ne8 70.hxg7 Nxg7 71.g4 Ne8 72.Kg3 Kf7 73.Kh4 Nf6 
74.Rc3 Rxc3 75.Bxc3 Ne4 76.Be5 g5+ 77.Kh5 gxf4 78.Bxf4 d4 79.g5 d3 80.g6+ 
Kg7 81.Bh6+ Kg8 82.Kg4 d2 83.Bxd2 Nxd2 84.Kf4 Nc4 85.Ke4 Nxa3 86.Ke5 Nc2 
87.Kd6 Nxb4 88.Kc5 Na6+ 89.Kxb5 Nc7+ 90.Kc6 Kg7 91.Kxc7 e5 0-1

[Event "26th EUR-ch"]
[Site "Katowice POL"]
[Date "2026.04.16"]
[Round "9.158"]
[White "Ribeiro, Gustavo"]
[Black "Vainbaum , Moisei"]
[Result "1-0"]
[WhiteElo "2280"]
[BlackElo "2159"]
[EventDate "2026.04.07"]
[PlyCount "101"]

1.c4 Nf6 2.Nc3 c5 3.Nf3 Nc6 4.d4 cxd4 5.Nxd4 d5 6.cxd5 Nxd5 7.Nxc6 bxc6 8.
Bd2 e5 9.Qa4 Qd7 10.O-O-O Be7 11.e4 Nb6 12.Qa5 Qc7 13.Be3 O-O 14.Na4 Rb8 
15.Nc5 Rd8 16.Bc4 Bd6 17.Bb3 Qe7 18.f3 Bc7 19.Na6 Bxa6 20.Qxa6 c5 21.Rxd8+
Bxd8 22.Rd1 c4 23.Bxc4 Nxc4 24.Qxc4 Qb7 25.Qe2 Be7 26.Rd3 a5 27.Rb3 Rc8+ 
28.Kb1 Qd7 29.Qd3 Qe8 30.Qb5 Qf8 31.Qxa5 h6 32.a3 Bd6 33.Qd5 Rd8 34.Rb7 
Be7 35.Qb3 Bf6 36.Ba7 Qd6 37.Qxf7+ Kh7 38.Ka2 Qd3 39.Bb6 Rd6 40.h4 Qf1 41.
Ba5 Rd1 42.Bc3 Ra1+ 43.Kb3 Qd1+ 44.Kb4 Qd6+ 45.Kb5 Rd1 46.h5 Qd3+ 47.Kb4 
Qd6+ 48.Kb3 Rg1 49.Qg6+ Kh8 50.Qe8+ Kh7 51.Rb8 1-0

[Event "26th EUR-ch"]
[Site "Katowice POL"]
[Date "2026.04.16"]
[Round "9.159"]
[White "Basdar, Atakan"]
[Black "Filindash, Nikita"]
[Result "1-0"]
[WhiteElo "2125"]
[BlackElo "2279"]
[EventDate "2026.04.07"]
[PlyCount "51"]

1.e4 d6 2.d4 Nf6 3.Nc3 e5 4.Nf3 Nbd7 5.Bc4 Be7 6.O-O O-O 7.a4 exd4 8.Nxd4 
Ne5 9.Ba2 Re8 10.h3 c6 11.Re1 Qc7 12.Be3 Bd7 13.f4 Ng6 14.Qf3 Bf8 15.Bf2 
b6 16.g4 h6 17.Bg3 Bc8 18.Re3 a6 19.Rf1 Ra7 20.g5 Nh7 21.h4 hxg5 22.fxg5 
Be6 23.Nxe6 fxe6 24.Qh5 Qd7 25.Qxg6 d5 26.Ref3 1-0

[Event "26th EUR-ch"]
[Site "Katowice POL"]
[Date "2026.04.16"]
[Round "9.160"]
[White "Podgorski, Maciej"]
[Black "Hryzlova, Sofiia"]
[Result "1-0"]
[WhiteElo "2112"]
[BlackElo "2278"]
[EventDate "2026.04.07"]
[PlyCount "65"]

1.c4 c5 2.Nc3 Nf6 3.g3 g6 4.Bg2 Bg7 5.e3 O-O 6.Nge2 Nc6 7.O-O d6 8.a3 Bd7 
9.Rb1 a5 10.d4 cxd4 11.exd4 a4 12.Nxa4 Nxd4 13.Nxd4 Rxa4 14.b3 Ra7 15.Nb5 
Bxb5 16.cxb5 d5 17.Bb2 e6 18.a4 Ra8 19.Rc1 Qd7 20.Be5 Rfc8 21.Qd4 Ne8 22.
Bxg7 Nxg7 23.g4 h5 24.h3 Qd8 25.Qf4 hxg4 26.hxg4 Qh4 27.Bf3 Nh5 28.Qh6 Qf6
29.gxh5 Qxf3 30.hxg6 fxg6 31.Qxg6+ Kh8 32.Qh6+ Kg8 33.Qxe6+ 1-0

[Event "26th EUR-ch"]
[Site "Katowice POL"]
[Date "2026.04.16"]
[Round "9.161"]
[White "Szakmary, Domonkos"]
[Black "Kyparissopoulos, Spyridon"]
[Result "1-0"]
[WhiteElo "2278"]
[BlackElo "2133"]
[EventDate "2026.04.07"]
[PlyCount "97"]

1.e4 e5 2.Nf3 Nc6 3.Bb5 a6 4.Bxc6 dxc6 5.d3 Bd6 6.d4 f6 7.dxe5 fxe5 8.Nbd2
Nf6 9.Qe2 h6 10.b3 O-O 11.Bb2 Qe8 12.Nc4 Bg4 13.O-O-O Nh5 14.Nxd6 cxd6 15.
Rxd6 Qf7 16.Rhd1 Rae8 17.Qe3 Bxf3 18.gxf3 Qxf3 19.Qxf3 Rxf3 20.Rd8 Kf7 21.
Rxe8 Kxe8 22.Rd2 Rf4 23.Re2 Rf3 24.Bxe5 Nf4 25.Bxf4 Rxf4 26.Kd2 Rf3 27.Ke1
g5 28.Kf1 Ke7 29.Kg2 Rc3 30.a4 Ke6 31.Rd2 g4 32.a5 h5 33.Rd8 h4 34.Rg8 h3+
35.Kf1 Rxc2 36.Rxg4 Rc1+ 37.Ke2 Rh1 38.Kf3 Rxh2 39.Rg1 Ke5 40.Kg3 Rg2+ 41.
Rxg2 hxg2 42.Kxg2 Kxe4 43.Kg3 c5 44.f4 Kd4 45.f5 Ke5 46.Kg4 Kf6 47.Kf4 Kf7
48.Ke5 Ke7 49.Kd5 1-0

[Event "26th EUR-ch"]
[Site "Katowice POL"]
[Date "2026.04.16"]
[Round "9.162"]
[White "Jarocka, Liwia"]
[Black "Gbiorczyk, Mikolaj"]
[Result "1-0"]
[WhiteElo "2272"]
[BlackElo "2116"]
[EventDate "2026.04.07"]
[PlyCount "181"]

1.e4 e5 2.Nf3 Nc6 3.Bc4 Bc5 4.d3 Nf6 5.O-O a6 6.c3 d6 7.Bg5 h6 8.Bh4 g5 9.
Bg3 Ba7 10.b4 Bg4 11.Nbd2 Qe7 12.Re1 Nd7 13.b5 axb5 14.Bxb5 Nd8 15.h3 Be6 
16.d4 f6 17.Nf1 h5 18.h4 g4 19.N3h2 c6 20.Be2 d5 21.exd5 cxd5 22.Bb5 Nc6 
23.Ne3 e4 24.Qa4 Kf7 25.Qb3 Na5 26.Qa4 Nc6 27.Bxc6 bxc6 28.Qxc6 Rhc8 29.
Qb5 Nb6 30.Rac1 Qe8 31.Qe2 Na4 32.c4 Bxd4 33.cxd5 Bd7 34.Nc4 Bc5 35.Qc2 
Bf5 36.Nf1 Qd7 37.Qb3 Kg7 38.Nfe3 Bg6 39.Rb1 Ra7 40.Bb8 Ra8 41.Qb7 Qxb7 
42.Rxb7+ Kg8 43.Bf4 Ra7 44.Rxa7 Bxa7 45.Rd1 Nc5 46.Nd6 Rd8 47.Nb5 Bb8 48.
Bxb8 Rxb8 49.Nc3 Nd3 50.Ra1 f5 51.g3 Rb2 52.a4 Nxf2 53.Ra2 Nh3+ 54.Kf1 Rb3
55.Ncd1 f4 56.gxf4 Nxf4 57.a5 Be8 58.a6 Bb5+ 59.Kg1 Bxa6 60.Rxa6 Rd3 61.
Ra4 Nxd5 62.Rxe4 Nf6 63.Re5 Kf7 64.Nf2 Ra3 65.Ne4 Nd7 66.Ng5+ Kf8 67.Rf5+ 
Ke8 68.Ng2 Ra1+ 69.Kh2 Ra2 70.Ne4 Nf8 71.Nf6+ Ke7 72.Nd5+ Ke8 73.Nf4 Nd7 
74.Nxh5 Ke7 75.Kg3 Ke6 76.Ng7+ Ke7 77.Nh5 Ke6 78.Rb5 Ne5 79.Ngf4+ Kd6 80.
Rd5+ Ke7 81.Rxe5+ Kf7 82.Kxg4 Kg8 83.Ng3 Ra7 84.h5 Kh7 85.Ng6 Ra4+ 86.Kg5 
Ra6 87.Re7+ Kg8 88.Re8+ Kh7 89.Rh8+ Kg7 90.h6+ Kf7 91.Rf8+ 1-0

[Event "26th EUR-ch"]
[Site "Katowice POL"]
[Date "2026.04.16"]
[Round "9.163"]
[White "Palamarchuk, Andriy"]
[Black "Mirski, Stanislaw"]
[Result "0-1"]
[WhiteElo "2110"]
[BlackElo "2266"]
[EventDate "2026.04.07"]
[PlyCount "104"]

1.e4 c5 2.d3 Nc6 3.c3 e6 4.Be2 d5 5.f4 Be7 6.Nf3 Nh6 7.O-O O-O 8.Kh1 f6 9.
Na3 b6 10.Nc2 Nf7 11.exd5 exd5 12.d4 c4 13.Ne3 Bb7 14.Nd2 Qd7 15.Bg4 Qd6 
16.Bf3 Na5 17.b4 cxb3 18.axb3 Qd7 19.b4 Nc4 20.Ndxc4 dxc4 21.Bxb7 Qxb7 22.
Nxc4 Rac8 23.Qd3 Rc7 24.Ne3 Rfc8 25.Bd2 Nd6 26.Rae1 Bf8 27.Rf3 Ne4 28.Nd5 
Nxd2 29.Nxc7 Nxf3 30.Qc4+ Kh8 31.Re8 Rxe8 32.Nxe8 Qe4 33.gxf3 Qxf3+ 34.Kg1
Qe3+ 35.Kf1 Qxe8 36.Qd5 g6 37.b5 Kg7 38.c4 Qf7 39.Qc6 Bb4 40.Ke2 Qe7+ 41.
Kd3 Bd6 42.Qf3 f5 43.Qd5 Bxf4 44.c5 bxc5 45.dxc5 Qe4+ 46.Qxe4 fxe4+ 47.
Kxe4 Bxh2 48.Kd5 h5 49.Kc6 Bg1 50.Kd6 h4 51.c6 h3 52.Kd7 Bb6 0-1

[Event "26th EUR-ch"]
[Site "Katowice POL"]
[Date "2026.04.16"]
[Round "9.164"]
[White "Ghazarian, Raffi"]
[Black "Goderdzishvili, Giga"]
[Result "0-1"]
[WhiteElo "2079"]
[BlackElo "2261"]
[EventDate "2026.04.07"]
[PlyCount "90"]

1.c4 e6 2.Nf3 d5 3.g3 d4 4.Bg2 Nc6 5.O-O Nh6 6.d3 Nf5 7.Na3 Bc5 8.Nc2 O-O 
9.a3 a5 10.b3 Re8 11.Rb1 Bf8 12.b4 e5 13.b5 Nb8 14.a4 Nd7 15.Nd2 Nc5 16.
Na1 Rb8 17.Ne4 Nxe4 18.Bxe4 Nd6 19.Bg2 b6 20.c5 Nb7 21.cxb6 cxb6 22.Nb3 
Be6 23.e3 Bd5 24.Bxd5 Qxd5 25.exd4 exd4 26.Qg4 Rbd8 27.Bf4 Re6 28.Rfc1 h5 
29.Qg5 Qf3 30.Nd2 Qxd3 31.Rc7 Rg6 32.Qxh5 Nc5 33.Re1 Ne6 34.Rxe6 fxe6 35.
Nf3 Qf5 36.Qh4 Rd5 37.Rc8 e5 38.Rxf8+ Kxf8 39.Qh8+ Kf7 40.Nh4 Qb1+ 41.Kg2 
exf4 42.Qc8 Qe4+ 43.f3 Qe2+ 44.Kg1 Rc5 45.Qd7+ Kg8 0-1

[Event "26th EUR-ch"]
[Site "Katowice POL"]
[Date "2026.04.16"]
[Round "9.165"]
[White "Lehaci, Miruna-Daria"]
[Black "Flak, Pawel"]
[Result "1-0"]
[WhiteElo "2258"]
[BlackElo "2111"]
[EventDate "2026.04.07"]
[PlyCount "97"]

1.e4 Nf6 2.e5 Nd5 3.d4 d6 4.c4 Nb6 5.f4 Bf5 6.Nc3 dxe5 7.fxe5 e6 8.Nf3 Nc6
9.Be3 Be7 10.Be2 f6 11.exf6 Bxf6 12.O-O O-O 13.Qd2 Qe7 14.Rad1 Rad8 15.Kh1
h6 16.h3 Nb4 17.Qc1 c5 18.dxc5 Nd3 19.Bxd3 Bxd3 20.cxb6 Bxf1 21.Rxf1 Qb4 
22.Ne4 axb6 23.Nxf6+ Rxf6 24.b3 b5 25.Bd2 Qc5 26.Bc3 Rf5 27.Qe1 bxc4 28.
Qxe6+ Kh7 29.Qe4 Qd5 30.Qg4 Rd7 31.bxc4 Qd3 32.Rg1 Rdf7 33.Ba1 Rf4 34.Qg3 
Qe4 35.Ne5 Rf8 36.Kh2 Qc2 37.Nd7 R8f7 38.Nf8+ Kg8 39.Ne6 Rf3 40.Qb8+ Kh7 
41.Nd4 Rxh3+ 42.Kxh3 Qf2 43.Rd1 Rf4 44.g3 Rf5 45.Qe8 Rg5 46.Qe4+ g6 47.
Qxb7+ Kg8 48.Qa8+ Kf7 49.Qf3+ 1-0

[Event "26th EUR-ch"]
[Site "Katowice POL"]
[Date "2026.04.16"]
[Round "9.166"]
[White "Blanquet, Camille"]
[Black "Romanyshyn, Oleh"]
[Result "0-1"]
[WhiteElo "2107"]
[BlackElo "2255"]
[EventDate "2026.04.07"]
[PlyCount "80"]

1.d4 Nf6 2.c4 e6 3.Nc3 Bb4 4.g3 O-O 5.Bg2 d5 6.Nf3 dxc4 7.O-O Nc6 8.Qa4 
Nd5 9.Qc2 Be7 10.Rd1 Bd7 11.e4 Ncb4 12.Qb1 Nxc3 13.bxc3 Nd3 14.Qxb7 Ba4 
15.Rd2 Qb8 16.Qa6 Bb5 17.Qa5 Qb6 18.Qxb6 axb6 19.Bf1 Bc6 20.Ne5 Nxe5 21.
dxe5 Ra4 22.Bg2 Rfa8 23.Kf1 b5 24.Rc2 h6 25.Be3 Be8 26.f4 c5 27.Kf2 b4 28.
cxb4 cxb4 29.Bf1 b3 30.Rxc4 Rxa2+ 31.Rxa2 bxa2 32.Bd4 Bb5 33.Rc1 Bxf1 34.
Kxf1 Ra4 35.Ba1 Rb4 36.Ke2 Rb1 37.Kd2 Ba3 38.Rc8+ Kh7 39.Bc3 Bb4 40.Kc2 
Bxc3 0-1